LEADER 00993nam a2200265 i 4500 001 000000159826 003 CaOOAMICUS 005 20070305000000.0 008 070305s1981 it u000 u ita u 013 $a137189 040 $aSeMil$bita 100 1 $aDel Noce, Augusto,$d<1910-1989>.$0(OLS)http://semarc/name/4042 245 13$aIl cattolico comunista /$cAugusto Del Noce. 260 $aMilano :$bRusconi,$ccopyr. 1981. 300 $a420 p. ;$c19 cm. 490 0 $aProblemi attuali 500 $aFondo card. Giovanni Colombo. 650 4$aCattolicesimo e comunismo - Italia.$0(OLS)http://semarc/subject/17261 830 0$aProblemi attuali.$0(OLS)http://semarc/title/7307 850 $aSeMil 852 $aSeMil$W1$xVenegono$y1$m1F IV 17$j111344$B111344$CSeMilBibl$Z2$F121077 $81 941 1 $a3 961 $aLascito: Molinari don Giuseppe 996 $6245$aIl cattolico comunista$9(OLS)http://semarc/title/142082 996 $6260$aMilano :$bRusconi$9(OLS)http://semarc/publisher/30258 LEADER 01369nam a2200313 i 4500 001 000000245887 003 CaOOAMICUS 005 20151020000000.0 008 151020s1942 it u000 u ita u 013 $a224792 040 $aSeMil$bita 100 0 $aGabriele : di S. Maria Maddalena,$c.$0(OLS)http://semarc/name/8082 245 10$aS. Giovanni della Croce :$bDirettore spirituale /$cP. Gabriele di S. M. Maddalena. 260 $aFirenze :$bLibreria Editrice Fiorentina,$c1942. 300 $a183 p. ;$c20 cm. 490 0 $aVita cristiana ;$vN.18 490 0 $aSpiritualità teresiana 500 $aFondo card. Giovanni Colombo. 600 04$aGiovanni : della Croce .$0(OLS)http://semarc/subject/7848 650 4$aPreghiera - Contemplazione.$0(OLS)http://semarc/subject/1696 650 4$aDio.$0(OLS)http://semarc/subject/4429 830 0$aVita cristiana ;$vN.18.$0(OLS)http://semarc/title/7522 830 0$aSpiritualità teresiana.$0(OLS)http://semarc/title/44185 850 $aSeMil 852 $aSeMil$W1$xVenegono$y1$m3GC II 440$j196233$B196233$CSeMilBibl$Z2$F207042 $8B 941 1 $a3 961 $aLascito: Colombo Card. Giovanni 996 $6245$aS. Giovanni della Croce :$bDirettore spirituale$9(OLS)http://semarc/title/347570 996 $6260$aFirenze :$bLibreria Editrice Fiorentina$9(OLS)http://semarc/publisher/30629 LEADER 01106nam a2200253 i 4500 001 000000247847 003 CaOOAMICUS 005 20160209000000.0 008 160209s1972 it u000 u ita u 013 $a226752 040 $aSeMil$bita 100 1 $aJackel, Eberhard.$0(OLS)http://semarc/name/82958 245 13$aLa concezione del mondo in Hitler :$bprogetto di un dominio assoluto /$cdi Eberhard Jackel ; traduzione di Maria Donatella Ponti. 260 $aMilano :$bLonganesi,$c1972. 300 $a182 p. ;$c18 cm. 490 0 $aI marmi ;$v71 650 4$aHitler, Adolf <1889-1945> - Strategia.$0(OLS)http://semarc/subject/38038 700 1 $aPonti, Maria Donatella.$0(OLS)http://semarc/name/36761 830 2$aI marmi ;$v71.$0(OLS)http://semarc/title/7208 850 $aSeMil 852 $aSeMil$W1$xVenegono$y1$m3V V 27$j198193$B198193$CSeMilBibl$Z2$F210248 $81 961 $aLascito: Calori don Carlo 996 $6245$aLa concezione del mondo in Hitler :$bprogetto di un dominio assoluto$9(OLS)http://semarc/title/349885 996 $6260$aMilano :$bLonganesi$9(OLS)http://semarc/publisher/30008 LEADER 01032nam a2200265 i 4500 001 000000235939 003 CaOOAMICUS 005 20141118000000.0 008 141118s2009 it u000 u ita u 013 $a214843 020 $a978-88-07-17178-9 040 $aSeMil$bita 100 1 $aLerner, Gad,$d<1954- >.$0(OLS)http://semarc/name/46980 245 10$aScintille :$buna storia di anime vagabonde /$cGad Lerner. 260 $aMilano :$bFeltrinelli,$c2009. 300 $a221 p., [8] carte di tav. :$bill. ;$c22 cm. 490 0 $aSerie bianca 500 $aCon dedica autografa. 830 0$aSerie bianca.$0(OLS)http://semarc/title/10031 850 $aSeMil 852 $aSeMil$W1$xVenegono$y1$m3V I 17$j186285$B186285$CSeMilBibl$Z2$F197954 $81 961 $aLascito: Serenthà don Mario 996 $6020$a978-88-07-17178-9$9(OLS)http://semarc/number/240806 996 $6245$aScintille :$buna storia di anime vagabonde$9(OLS)http://semarc/title/336230 996 $6260$aMilano :$bFeltrinelli$9(OLS)http://semarc/publisher/30237 LEADER 01106nam a2200265 i 4500 001 000000099737 003 CaOOAMICUS 005 20160308000000.0 008 160308s1971 it u000 u ita u 013 $a71889 040 $aSeMil$bita 100 1 $aAlves, Rubem A.$0(OLS)http://semarc/name/32057 240 12$aA theology of human hope.$0(OLS)http://semarc/title/147192 245 10$aTeologia della speranza umana /$cRubem A. Alves ; introduzione di Harvey Cox. 260 $aBrescia :$bQueriniana,$ccopyr. 1971. 300 $a246 p. ;$c21 cm. 490 0 $aNuovi saggi Queriniana ;$v2 650 4$aSperanza - Teologia.$0(OLS)http://semarc/subject/366 700 1 $aCox, Harvey Gallagher,$d<1929- >.$0(OLS)http://semarc/name/21932 830 0$aNuovi saggi Queriniana ;$v2.$0(OLS)http://semarc/title/10209 850 $aSeMil 852 $aSeMil$W1$xVenegono$y1$m2D II 456$j57135$B57135$CSeMilBibl$Z2$F67248 $81 961 $aOmaggio: Altro 996 $6245$aTeologia della speranza umana$9(OLS)http://semarc/title/147191 996 $6260$aBrescia :$bQueriniana$9(OLS)http://semarc/publisher/29615 LEADER 01272nam a2200229 i 4500 001 000000115447 003 CaOOAMICUS 005 20030521000000.0 008 030521s1933 it u000 u ita u 013 $a88136 040 $aSeMil$bita 245 10$aA-E. 300 $aXV, 680 p., [1] c. di tav. ripieg. 490 0 $aBiblioteca barnabitica : illustrata coi fregi delle opere stesse barnabitiche (frontespizi, ritratti, autografi, testate, ecc.) 500 $aIn mezzo al front. : Con 117 facsim. desunti dalle opere stesse barnabitiche : antiporte, frontoncini, vignette, finaletti, autografi, ritratti, diplomi, ecc. - Contiene : Addenda et corrigenda. 700 1 $aBoffito, Giuseppe.$0(OLS)http://semarc/name/4605 773 0 $aBoffito, Giuseppe$tScrittori barnabiti o della congregazione dei chierici regolari di San Paolo (1533-1933).$dFirenze : Olschki, 1933-1937.$gVolume1$w()9334 830 0$aBiblioteca barnabitica : illustrata coi fregi delle opere stesse barnabitiche (frontespizi, ritratti, autografi, testate, ecc.).$0(OLS)http://semarc/title/12330 850 $aSeMil 852 $aSeMil$W1$xVenegono$y1$m3G VI 13$j70968$B70968$CSeMilBibl$Z2$F78660 $81 961 $aOmaggio: Martini Card. Carlo Maria 996 $6245$aA-E$9(OLS)http://semarc/title/54635 LEADER 00792nam a2200193 i 4500 001 000000119573 003 CaOOAMICUS 005 20040714000000.0 008 040714s1981 it u000 u ita u 013 $a92267 040 $aSeMil$bita 245 10$aArte contemporanea 1 :$bacquisizioni e donazioni, giugno-luglio-agosto 1992. 260 $aViggiù :$bMuseo Butti,$c1981. 300 $a1 v. :$briccamente ill. ;$c24 cm. 650 4$aArte contemporanea.$0(OLS)http://semarc/subject/1405 850 $aSeMil 852 $aSeMil$W1$xVenegono$y1$m5L XVI 35$j74780$B74780$CSeMilBibl$Z2$F84594 $81 996 $6245$aArte contemporanea 1 :$bacquisizioni e donazioni, giugno-luglio-agosto 1992$9(OLS)http://semarc/title/175751 996 $6260$aViggiù :$bMuseo Butti$9(OLS)http://semarc/publisher/40781 LEADER 01307nam a2200289 i 4500 001 000000107753 003 CaOOAMICUS 005 20260107123845.0 008 180305s1947 fr u000 u fre u 040 $aSeMil$bita 110 2 $aChiesa Cattolica.$0(OLS)http://semarc/name/987 240 10$aMissale Romanum.$0(OLS)http://semarc/title/284444 245 10$aMissel-vesperal romain (quotidien) /$cpar dom Gaspar Lefebvre ; illustration par René De Cramer. 264 1$aBruges :$bApostolat liturgique ;$aParis :$bSociété liturgique,$c1947. 300 $a1760 p. :$bill. ;$c16 cm. 650 4$aLibri liturgici - Messale romano.$0(OLS)http://semarc/subject/3820 700 1 $aDe Cramer, René.$0(OLS)http://semarc/name/71134 700 1 $aLefebvre, Gaspar,$c.$0(OLS)http://semarc/name/10750 850 $aSeMil 852 $aSeMil$W1$xVenegono$y1$m3KK III 12$j265897$B63849$CSeMilBibl$Z2$F221421 $8M 910 2 $aSanta Sede. 961 $aOmaggio: Altro 996 $6245$aMissel-vesperal romain (quotidien)$9(OLS)http://semarc/title/407187 996 $6264$aBruges :$bApostolat liturgique$9(OLS)http://semarc/publisher/50487 996 $6264$aParis :$bSociété liturgique$9(OLS)http://semarc/publisher/62816